| 000 | 00980nas a2200325 4500 | ||
|---|---|---|---|
| 001 | BR2010001060 | ||
| 003 | BR-BrBNA | ||
| 005 | 20231205113950.0 | ||
| 007 | ta | ||
| 008 | 230509b bl.|||p| |||| 00| 00por d | ||
| 040 |
_aBR-BrBNA _bpor _cBiblioteca Nacional de Agricultura |
||
| 041 | _a(Pt) | ||
| 072 | _aP40 | ||
| 100 | 1 | _aBruno, I.P. | |
| 100 | 1 | _aReichardt, K. | |
| 100 | 1 | _aSilva, A.L. da | |
| 100 | 1 | _aVolpe, C.A. | |
| 100 | 1 | _aTimm, L.C. | |
| 100 | 1 | _aBacchi, O.O.S. | |
| 100 | 1 | _aDourado-Neto, D. | |
| 100 | 1 | _aPiedade, S.M. de S. | |
| 100 | 1 | _aOliveira, J.C.M. de | |
| 245 | 1 | _aConsiderações sobre o número de pluviômetros necessários em experimentos de balanço hídrico de campo | |
| 650 | _aCHUVA | ||
| 650 | _aPLUVIÔMETRO | ||
| 650 | _aBALANÇO HÍDRICO | ||
| 773 | 0 |
_tRevista de Agricultura (Brazil) _xISSN 0034-7655 _g(Dec 2008), v. 83(3) p. 165-172 _wBR2010001060 |
|
| 909 |
_a202311 _bLúcia _c55 _dLúcia Elande |
||
| 942 |
_2AGRIS _n0 _cANA |
||
| 999 |
_c206484 _d206484 |
||